Welcome to CU Library Online Public Access Catalogue (OPAC)

Labour Laws (Record no. 358)

MARC details
000 -LEADER
fixed length control field 00454nam a22001577a 4500
005 - DATE AND TIME OF LATEST TRANSACTION
control field 20241029192526.0
008 - FIXED-LENGTH DATA ELEMENTS--GENERAL INFORMATION
fixed length control field 241029b |||||||| |||| 00| 0 eng d
020 ## - INTERNATIONAL STANDARD BOOK NUMBER
International Standard Book Number 9789350353134
100 ## - MAIN ENTRY--PERSONAL NAME
Personal name Kumar, H.L.
Dates associated with a name 2013
245 ## - TITLE STATEMENT
Title Labour Laws
Remainder of title Everybody Should Know
250 ## - EDITION STATEMENT
Edition statement Ninth Edition
260 ## - PUBLICATION, DISTRIBUTION, ETC.
Place of publication, distribution, etc. New Dellhi, India
Name of publisher, distributor, etc. Universal Law Publishing Co. Pvt. Ltd.
Date of publication, distribution, etc. 2013
300 ## - PHYSICAL DESCRIPTION
Extent xxvi, 350 pages.
Dimensions 21.5 cm
650 ## - SUBJECT ADDED ENTRY--TOPICAL TERM
Source of heading or term Labour Law
942 ## - ADDED ENTRY ELEMENTS (KOHA)
Source of classification or shelving scheme Library of Congress Classification
Koha item type Books
Suppress in OPAC No
999 ## -
-- 358
-- 358
Holdings
Withdrawn status Lost status Source of classification or shelving scheme Damaged status Not for loan Collection Home library Current library Shelving location Date acquired Total checkouts Full call number Barcode Date last seen Copy number Price effective from Koha item type
    Library of Congress Classification     Non-fiction Law Library (Christ Temple) Law Library (Christ Temple) General stacks 01/17/2025   KNS1216.3 KUM llct00000172 01/17/2025 5 01/17/2025 Books
    Library of Congress Classification     Non-fiction Law Library (Christ Temple) Law Library (Christ Temple)   01/17/2025   KNS1216.3 KUM llct00000174 01/17/2025 6 01/17/2025 Books
    Library of Congress Classification     Non-fiction Law Library (Christ Temple) Law Library (Christ Temple)   01/17/2025   KNS1216.3 KUM llct00000175 01/17/2025 7 01/17/2025 Books
    Library of Congress Classification     Non-fiction Law Library Annex (Miotso) Law Library Annex (Miotso) General stacks 10/28/2024   KNS1216.3 KUM LLM00000049 10/29/2024 1 10/28/2024 Books
    Library of Congress Classification     Non-fiction Law Library Annex (Miotso) Law Library Annex (Miotso) General stacks 10/29/2024   KNS1216.3 KUM LLM00000045 10/29/2024 2 10/29/2024 Books
    Library of Congress Classification     Non-fiction Law Library Annex (Miotso) Law Library Annex (Miotso) General stacks 11/08/2024   KNS1216.3 KUM LLM00000756 11/08/2024 3 11/08/2024 Books
    Library of Congress Classification     Non-fiction Law Library Annex (Miotso) Law Library Annex (Miotso) General stacks 11/08/2024   KNS1216.3 KUM LLM00000757 11/08/2024 4 11/08/2024 Books
© 2023-2024 Copyright: Central University Libraries. All Rights Reserved | Created by: Mahone Tech Office